000 03348cam a22006134a 4500
001 86219
005 20230404125950.0
008 010821s20022001cauab b 001 0 eng
010 _a2001048429
035 _a(OCoLC)ocm47849521
040 _aDLC
_cDLC
_dNLC
_dUKM
_dBAKER
_dNLGGC
_dBTCTA
_dYDXCP
_dOCLCG
_dUBC
015 _aGBA2-21770
016 _a20020023626
020 _a0804742480 (alk. paper)
020 _a9780804742481 (alk. paper)
029 1 _aNLC
_b20020023626
029 1 _aUKM
_bbA221770
029 1 _aNLGGC
_b227367995
035 _a(OCoLC)47849521
042 _apcc
043 _as-bl---
050 1 4 _a103 F 2651
_bK89r 2002
082 0 0 _a306.2/7/098142
100 1 _aKraay, Hendrik,
_d1964-
245 1 0 _aRace, state, and armed forces in independence-era Brazil :
_bBahia, 1790s-1840s /
_cHendrik Kraay.
260 _aStanford, Calif. :
_bStanford University Press,
_c2002 c2001
300 _axii, 362 p. :
_bill., map ;
_c24 cm.
500 _aOriginal printing 2001
504 _aIncludes bibliographical references (p. 325-352) and index.
505 0 _aMachine generated contents note: 1. Salvador: Race and Class in a Colonial Brazilian City -- 2. Army Officers: The Alliance of State and Planters -- 3. Slaves or Soldiers? The Recruitment and Discipline -- of Enlisted Men -- 4. Militia Officers: The Intersection of Race and Class -- 5. Independence and Its Aftermath -- 6. Officers: From Bahian to Brazilian -- 7. Reforming the Rank and File -- 8. From Militia to National Guard -- Conclusion -- Appendix: The Size and Organization of Salvador's Garrison.
520 1 _a"Focusing on the military institutions (army, militia, and National Guard) of Bahia, Brazil, this book analyses the region's transition from Portuguese colony to province of the Brazilian Empire. It examines the social, racial, and cultural dimensions of post-independence state-building in one of the principal slave plantation regions of the Americas."--BOOK JACKET.
651 0 _aSalvador (Brazil)
_xHistory
_y19th century.
651 0 _aSalvador (Brazil)
_xRace relations.
651 0 _aBahia (Brazil : State)
_xMilitia
_xRecruiting, enlistment, etc.
650 0 _aBlacks
_zBrazil
_zBahia (State)
_xHistory
_y19th century.
650 0 _aSocial classes
_zBahia (State)
_xHistory
_y19th century.
650 0 _aCivil-military relations
_zBrazil
_zSalvador.
653 _aOccupations and race.
651 4 _aSalvador (Brazil)
_xHistoria
_ySiglo XIX
651 4 _aSalvador (Brazil)
_xRelaciones raciales
651 4 _aBahia (Brazil) (State)
_xMilicia
_xReclutamiento, enlistamiento, etc.
650 0 _aNegros
_zBrazil
_zBahia (Estado)
_xHistoria
_ySiglo XIX
650 0 _aClases sociales
_zBahia (Estado)
_xHistoria
_ySiglo XIX
650 0 _aRelaciones Civil-militar
_zBrazil
_zSalvador.
856 4 1 _3Table of contents
_uhttp://www.loc.gov/catdir/toc/fy022/2001048429.html
856 4 2 _3Publisher description
_uhttp://www.loc.gov/catdir/description/cam022/2001048429.html
856 4 2 _3Contributor biographical information
_uhttp://www.loc.gov/catdir/enhancements/fy0710/2001048429-b.html
938 _aBaker & Taylor
_bBKTY
_c70.00
_d70.00
_i0804742480
_n0003775855
_sactive
938 _aBaker and Taylor
_bBTCP
_n2001048429
938 _aYBP Library Services
_bYANK
_n1788492
942 _2lcc
_cbk
994 _aC0
_bDRFGD
946 _aweb
999 _c8240
_d8240